| 000 | 01231nam2a2200241 4500 | ||
|---|---|---|---|
| 001 | rc\2939230 | ||
| 005 | 20260315055624.0 | ||
| 035 | _a(NLR Aleph) 007088130 | ||
| 090 |
_a13599145 _c13599145 |
||
| 100 | _a20110824d1940 u y0rusy50 ca | ||
| 101 | 0 | _arus | |
| 102 | _aRU | ||
| 105 | _aa z ||||| | ||
| 200 | 0 |
_aВып. 11 _fПроект. контора "Стальконструкция" |
|
| 210 | _d1940 | ||
| 215 |
_a148 с., 1 вкл. л. черт. _cил., черт. _d22 см |
||
| 320 | _aБиблиогр.: с. 147 | ||
| 461 | 0 |
_1001rc\2939220 _12000#$aМатериалы по вопросам проектирования, изготовления и монтажа стальных конструкций$fПроектная контора треста "Стальконструкция"$vВып. 11 _96545802 _cМосква _d1938-1941 _fПроектная контора треста "Стальконструкция" _nБ. и. _tМатериалы по вопросам проектирования, изготовления и монтажа стальных конструкций _vВып. 11 |
|
| 801 | 0 |
_aRU _bNLR _gpsbo |
|
| 801 | 1 |
_aRU _bELAR _2rusmarc |
|
| 852 |
_aNLR _jТ80 В-5/3(11) |
||
| 942 | _cUNSPEC | ||
| 980 | _aNB | ||